Věcné pořádání informací a selekční jazyky

Na minha lista:
Detalhes bibliográficos
Autor principal: Kovář, Blahoslav
Formato: Livro
Idioma:tcheco
Publicado em: Praha Ústředí vědeckých, technických a ekonomických informací 1984
Edição:2. vyd.
Colecção:Učební texty 22
Tags: Adicionar Tag
Sem tags, seja o primeiro a adicionar uma tag!

MARC

LEADER 00000nam a2200000 4500
001 c111764
005 20190620104529.3
041 0 |a cze 
044 |a CZ 
245 1 0 |a Věcné pořádání informací a selekční jazyky  |c Blahoslav Kovář 
250 |a 2. vyd. 
264 1 |a Praha  |b Ústředí vědeckých, technických a ekonomických informací  |c 1984 
300 |a 251 s. 
490 1 |a Učební texty  |v 22 
830 0 |a Učební texty  |v 22 
100 1 |a Kovář, Blahoslav